书目信息 |
| 题名: |
税法基本知识
|
|
| 作者: | 穆仁溥 , 曹木兰 编著 | |
| 分册: | ||
| 出版信息: | 成都 四川人民出版社 1986.08 |
|
| 页数: | 139页 | |
| 开本: | 19cm | |
| 丛书名: | 普及法律常识丛书 | |
| 单 册: | ||
| 中图分类: | D922.2 | |
| 科图分类: | ||
| 主题词: | 法律--中国 | |
| 电子资源: | ||
| ISBN: | ||
| 000 | 00671nam0 2200241 45 | |
| 001 | 0404280804 | |
| 005 | 20040428081611.9 | |
| 010 | @dCNY0.60 | |
| 091 | @a6118.24 | |
| 100 | @a20040428d1986 km y0chiy0120 ea | |
| 101 | 0 | @achi |
| 105 | @a z 000yy | |
| 200 | 1 | @a税法基本知识@AShui Fa Ji Ben Zhi Shi@f穆仁溥,曹木兰编著@FMu Ren Pu,Cao Mu Lan Bian Zhu |
| 210 | @a成都@c四川人民出版社@d1986.08 | |
| 215 | @a139页@d19cm | |
| 225 | @a普及法律常识丛书 | |
| 410 | @12001 @a普及法律常识丛书 | |
| 606 | 0 | @a法律@x中国 |
| 690 | @aD922.2@v3 | |
| 701 | 0 | @a穆仁溥@4编著 |
| 701 | 0 | @a曹木兰@4编著 |
| 801 | @aCN@bTSTCL@c20040428 | |
| 905 | @f2@b165705-706@dD922.2@e111 | |
| 税法基本知识/穆仁溥,曹木兰编著.-成都:四川人民出版社,1986.08 |
| 139页;19cm.-(普及法律常识丛书) |
| ISBN :CNY0.60 |
| ● |
| 相关链接 |
|
|
|
|
正题名:税法基本知识
索取号:D922.2/111
 
预约/预借
| 序号 | 登录号 | 条形码 | 馆藏地/架位号 | 状态 | 备注 |
| 1 | 0165705 | 000367631 | 密集书库/ [索取号:D922.2/111] | 在馆 | |
| 2 | 0165706 | 001250871 | 密集书库/ [索取号:D922.2/111] | 在馆 | |
| 3 | 0165707 | 001250880 | 第一样本阅览室/ [索取号:D922.2/111] | 在馆 |